000 00291nam a2200133Ia 4500
008 191201s1988 xx 000 0 und d
100 _aPINSKY,AA
245 0 _aProblems in Physics
250 _a2nd
260 _aMoscow
_bMirpub
_c1988
300 _a333
650 _aApplied
942 _2ddc
_cBK
999 _c573
_d573